Texas Basic Waste Water Operations Ch#06 Prelim Treatment & Flow Meas. - Statistics

General Stats
  • This quiz has been taken 31 times
  • The average score is 19 of 23
Answer Stats
Question Answer % Correct
It is important to monitor the flow in order to calculate plant load, as well as to determine ________. all of the above
100%
The magnetic meter works by the law of ________. induction
100%
Final disposal of grit, screenings, and grease is by burial in a ________. landfill
100%
Use flow equalization to control variations in flow patterns or ________ loads. shock
100%
An ultrasonic flow monitoring device works on the principle of ________. sonar
100%
Preliminary treatment is usually the first step in the treatment process. True
100%
Types of grinding units include comminutor and barminutor. True
100%
Common designs of grit removal units are hand-cleaned chambers, mechanically cleaned chambers, aerated chambers, cyclone separators, and screw washers. True
100%
A cyclone separator spins the wastewater in a spiral flow and throws the grit, by centrifugal force, to the wall of the unit, where it falls to the bottom. True
100%
Common weir designs are rectangular, Cipolletti, and ________. V-notch
100%
Flow measuring devices must be ± ________% accurate. 10
83%
________ calibrate flow measuring devices. Annually
83%
A weir is an obstruction placed in a channel, causing the water to ________. back up
83%
Chlorine helps ________ grease, making it easy to skim. congeal
83%
Pre-aeration is used to remove grit, reduce ________, add oxygen, and promote grease flotation. gases
83%
The purpose of a grit washer is to remove ________ material from the grit. organic
83%
Flow is the water volume passing a given point, in a specified interval, in gallons per minute or cubic feet per ________. second
83%
Before making screen repairs, the power should be turned off, tagged, and the controls locked. True
83%
Diffused ________ causes lightweight grease particles to rise to the surface air
67%
________ interferes with the biological treatment process. Grease
67%
The ________ of the water flowing over the weir determines the flow rate. depth
50%
Grit removal prevents buildup of settleable organic solids. False
33%
Water velocity in a grit chamber is about 2 ft/sec. False
33%
No matching quizzes found
Score Distribution
Percent of People with Each Score
Percentile by Number Answered
Your Score History
You have not taken this quiz